Contributions to the theory of nonlinear oscillations /
Guardado en:
| Otros Autores: | , , |
|---|---|
| Formato: | Libro |
| Idioma: | English |
| Publicado: |
Princeton :
Princeton University Press,
1950-1960.
|
| Series: | Annals of mathematics studies ;
no. 20, 29, 36, 41, 45 |
| Etiquetas: |
Agregar Etiqueta
Sin Etiquetas, Sea el primero en etiquetar este registro!
|
| LEADER | 01077nam a22002655a 4500 | ||
|---|---|---|---|
| 001 | MAT.inmabb000359 | ||
| 008 | 031211m19501960nju######b####001#0#eng#d | ||
| 005 | 20110301151523.0 | ||
| 245 | 0 | 0 | |a Contributions to the theory of nonlinear oscillations / |c edited by S. Lefschetz. |
| 260 | |a Princeton : |b Princeton University Press, |c 1950-1960. | ||
| 300 | |a 5 v. ; |c 23-26 cm. | ||
| 440 | 0 | |a Annals of mathematics studies ; |v no. 20, 29, 36, 41, 45 | |
| 500 | |a Vol. 5 edited by L. Cesari, J. LaSalle, and S. Lefschetz. | ||
| 504 | |a Incluye referencias bibliográficas. | ||
| 510 | 4 | |a MR, |c 23 #A3293 |3 (v.5) | |
| 700 | 1 | |a Lefschetz, Solomon, |d 1884-1972. |4 edt | |
| 700 | 1 | |a Cesari, Lamberto. |4 edt | |
| 700 | 1 | |a LaSalle, Joseph P. |4 edt | |
| 084 | |a 34C15 (34-06) |2 msc2000 | ||
| 010 | |a 50002400 | ||
| 859 | |h 34 |i C764 |p A-98 |v 1 |3 Vol. 1 |b BIB. MATEMATICA | ||
| 859 | |h 34 |i C764 |p A-5478 |v 2 |3 Vol. 2 |b BIB. MATEMATICA | ||
| 859 | |h 34 |i C764 |p A-1057 |v 3 |3 Vol. 3 |b BIB. MATEMATICA | ||
| 859 | |h 34 |i C764 |p A-1058 |v 4 |3 Vol. 4 |b BIB. MATEMATICA | ||
| 859 | |h 34 |i C764 |p A-5479 |v 5 |3 Vol. 5 |b BIB. MATEMATICA | ||
